|
|
|
|
| LEADER |
00000nab a2200000 r4500 |
| 001 |
vtls011775128 |
| 003 |
SK-MaSNL |
| 005 |
20260304033256.0 |
| 008 |
180830c2018 xo wr|p|||||||000 b|slo |
| 015 |
|
|
|a SNBRB2018/08
|
| 038 |
|
|
|a PPPK
|
| 040 |
|
|
|a PPPKCL
|b slo
|e rda
|
| 041 |
0 |
|
|a slo
|
| 043 |
|
|
|a e-xo---
|
| 044 |
|
|
|a xo
|c SK
|
| 072 |
|
7 |
|a 75
|x Maliarstvo
|2 konspekt
|
| 072 |
|
7 |
|a 929
|x Biografie
|2 konspekt
|
| 080 |
|
|
|a 75.071.1
|x (437.6)
|2 2011
|
| 080 |
|
|
|a 929 Ivan, Ondrej
|2 2011
|
| 245 |
0 |
0 |
|a Opustil nás maliar Ondrej Ivan
|
| 336 |
|
|
|a text
|b txt
|2 rdacontent
|
| 337 |
|
|
|a bez média
|b n
|2 rdamedia
|
| 338 |
|
|
|a zväzok
|b nc
|2 rdacarrier
|
| 500 |
|
|
|a Autor článku nie je uvedený.
|
| 600 |
1 |
7 |
|a Ivan, Ondrej,
|d 1926-2018
|2 pppkcl
|9 1314827
|
| 650 |
0 |
7 |
|a výtvarné umenie
|2 pppkcl
|9 723
|
| 650 |
0 |
7 |
|a maliari
|2 pppkcl
|9 3150
|
| 650 |
0 |
7 |
|a rodáci
|2 pppkcl
|9 30842
|
| 651 |
|
7 |
|a Veľká (Poprad, Slovensko)
|2 pppkcl
|9 31782
|
| 651 |
|
7 |
|a Poprad (Slovensko)
|2 pppkcl
|9 20155
|
| 655 |
|
7 |
|a nekrológy
|2 pppkcl
|9 402542
|
| 773 |
0 |
|
|t Podtatranské noviny
|g Roč. LIX, č. 34 (2018), s. 3
|x 1210-2423
|
| 852 |
|
|
|a PPPK
|b KIS3GCP
|
| 999 |
|
|
|c 2647539
|d 2649469
|